01605nam a2200421 i 450000100060000000300090000600500170001500800390003201500180007102000150008903500210010404000280012504600090015308000120016224500820017426000990025630000580035533600270041333700540044033800280049438000160052238800100053849000900054850400260063865000290066465000230069365500150071665800230073165800280075470000300078270000440081270000490085670000450090570000330095071000450098383000570102885600980108552906KOSZ 00520221122123949.0040123s2001 pl a f |000 0 pol aPB 2004/11786 a8387674257 a(OCoLC)830304707 aWA NcWA NdKOSZ 005/HR k2001 a616-08900aSztuczne narządy /cred. t. Marek Darowski [et al.] ; Polska Akademia Nauk. aWarszawa :b"Exit" :bprzy współpr. Polskiego Towarzystwa Inżynierii Biomedycznej,c2001. aXVI, [8], 523 s. :bfot., rys., tab., wykr. ;c24 cm. 2rdacontentaTekstbtxt 2rdamediaaBez urządzenia pośredniczącegobn 2rdacarrieraWoluminbnc aKsiążki a2001-1 aBiocybernetyka i inżynieria biomedyczna 2000 / pod red. Macieja Nałęcza ;vt. 3. aBibliogr. przy rozdz. 4aInżynieria biomedyczna 4aSztuczne narządy 4aMonografia aMedycyna i zdrowie aInżynieria i technika1 aDarowski, MarekeRedakcja1 aWeryński, Andrzejd(1937- )eRedakcja1 aWójcicki, Jan Mariad(1946-2013)eRedakcja1 aNałęcz, Maciejd(1922-2009)eRedakcja1 aOrłowski, TadeuszeRedakcja2 aAkademicka Oficyna Wydawnicza Exit4pbl. 0aBiocybernetyka i inżynieria biomedyczna 2000vt. 3 uhttp://koha.tu.koszalin.pl/cgi-bin/koha/opac-detail.pl?biblionumber=52906yKatalog online BPK